Descriptive catalogue of the Government collections of manuscripts V1. (Record no. 891150)

MARC details
000 -LEADER
fixed length control field 00629nam a2200217Ia 4500
003 - CONTROL NUMBER IDENTIFIER
control field OSt
005 - DATE AND TIME OF LATEST TRANSACTION
control field 20220930185901.0
008 - FIXED-LENGTH DATA ELEMENTS--GENERAL INFORMATION
fixed length control field 220926b |||||||| |||| 00| 0 san d
037 ## - SOURCE OF ACQUISITION
Terms of availability General Books
040 ## - CATALOGING SOURCE
Original cataloging agency CRL
Transcribing agency CRL
Language of cataloging san
041 ## - LANGUAGE CODE
Source of code san
Language code of text/sound track or separate title san
245 #0 - TITLE STATEMENT
Title Descriptive catalogue of the Government collections of manuscripts V1.
260 ## - PUBLICATION, DISTRIBUTION, ETC.
Place of publication, distribution, etc. Poona
Name of publisher, distributor, etc. Deccan College
Date of publication, distribution, etc. 1916
650 ## - SUBJECT ADDED ENTRY--TOPICAL TERM
Topical term or geographic name entry element BIBLIOGRAPHY
942 ## - ADDED ENTRY ELEMENTS (KOHA)
Classification part 12:315:N16, 15E6.1,1 (BB)
Koha item type General Books
Source of classification or shelving scheme Colon Classification (CC)
Holdings
Withdrawn status Lost status Damaged status Not for loan Home library Current library Date acquired Total Checkouts Full call number Barcode Date last seen Price effective from Koha item type
        Central Library Central Library 2022-09-30   12:315:N16 15E6.1,1 (BB) CL0047792 2022-09-30 2022-09-30 General Books
Copyright @ Delhi University Library System